[Event "XXII Open de Gros"]
[Site "Donostia"]
[Date "2012.09.20"]
[Round "1"]
[White "Espin Laborde, Jesus Maria"]
[Black "Franco Alonso, Alejandro"]
[Result "0-1"]
[WhiteElo "1739"]
[BlackElo "2479"]

1.e4 c6 2.d4 d5 3.exd5 cxd5 4.c4 Nf6 5.Nc3 Be6 6.c5 g6 7.h3 Bg7 8.Nf3 O-O 
9.Bd3 Nc6 10.O-O b6 11.Bb5 Bd7 12.Bxc6 Bxc6 13.Ne5 Qc8 14.cxb6 axb6 15.Be3
Qb7 16.Rc1 Rfc8 17.Qb3 Be8 18.a3 e6 19.Nb5 Ne4 20.Rxc8 Rxc8 21.f3 Bxb5 22.
Qxb5 Nd6 23.Qe2 Nf5 24.Bf2 Qc7 25.Rd1 Qc2 26.Qxc2 Rxc2 27.g4 Nd6 28.b3 Nb5
29.a4 Nc3 30.Ra1 Ne2+ 31.Kf1 Nf4 32.a5 bxa5 33.Be3 Bxe5 34.dxe5 Rc3 35.
Bxf4 Rxf3+ 36.Kg2 Rxf4 37.Rxa5 Re4 38.Ra8+ Kg7 39.Rb8 Rxe5 40.Kf2 h5 41.b4
hxg4 42.hxg4 Kf6 43.Rb7 Re4 44.Kf3 Ke5 45.b5 f5 46.g5 Rb4 47.Rb6 Rb3+ 48.
Ke2 f4 49.Rb8 Ke4 50.b6 Rb2+ 51.Kd1 f3 52.b7 f2 53.Rf8 Ke3 54.b8=Q Rxb8 
0-1

[Event "XXII Open de Gros"]
[Site "Donostia"]
[Date "2012.09.20"]
[Round "1"]
[White "Argandona Riveiro, Inigo"]
[Black "Lazkano Gaite, Tomas"]
[Result "1-0"]
[WhiteElo "2394"]
[BlackElo "1712"]

1.c4 Nf6 2.Nc3 d5 3.cxd5 Nxd5 4.e4 Nf4 5.d4 Ng6 6.f4 e6 7.Nf3 Be7 8.g3 O-O
9.h4 f5 10.exf5 Rxf5 11.Bd3 Rf7 12.Ng5 Nc6 13.Qh5 Bxg5 14.hxg5 Nf8 15.
Bxh7+ Nxh7 16.g6 Rf5 17.Qxh7+ Kf8 18.Qh8+ Ke7 19.Qxg7+ Kd6 20.Rh8 Qe7 21.
Qxe7+ Kxe7 22.g7 1-0

[Event "XXII Open de Gros"]
[Site "Donostia"]
[Date "2012.09.20"]
[Round "1"]
[White "Cejudo Urdampilleta, Jose Manuel"]
[Black "Hernandez, Elvis"]
[Result "1/2-1/2"]
[WhiteElo "1675"]
[BlackElo "2289"]

1.d4 d5 2.c4 dxc4 3.Nf3 a6 4.e3 Nf6 5.Bxc4 e6 6.O-O c5 7.Qe2 b5 8.Bb3 Bb7 
9.Rd1 c4 10.Bc2 Nc6 11.Nc3 Rc8 12.e4 Nb4 13.d5 Qb6 14.Bg5 Ng4 15.dxe6 fxe6
16.Nd5 Qxf2+ 17.Qxf2 Nxf2 18.Nc7+ Rxc7 19.Rd8+ Kf7 20.Ne5+ Kg8 21.Rf1 Rc8 
22.Rd7 Nxc2 23.Rxb7 Bc5 24.Rxf2 h6 25.Bh4 Kh7 26.Nd7 Bxf2+ 27.Kxf2 Nb4 28.
Be7 Nd3+ 29.Ke3 Rhe8 30.Bd6 Kg6 31.g4 Red8 32.h4 Rxd7 33.Rxd7 Kh7 34.h5 
Kg8 35.Re7 Nxb2 36.Be5 c3 37.Rxg7+ Kf8 38.Rh7 Nc4+ 39.Ke2 c2 40.Bf4 e5 41.
Bxh6+ Kg8 42.Rg7+ Kh8 43.Rf7 Nd6 44.Rf1 Nxe4 45.Kd3 c1=Q 46.Bxc1 Nf2+ 47.
Rxf2 Rxc1 48.Ke4 Rc4+ 49.Kf5 a5 50.g5 e4 51.Rd2 Rc5+ 52.Kf6 Rc6+ 53.Ke5 
Rc5+ 54.Kxe4 1/2-1/2

[Event "XXII Open de Gros"]
[Site "Donostia"]
[Date "2012.09.20"]
[Round "1"]
[White "Guijarro Galan, Jose Luis"]
[Black "Ijurko Erroizena, Jose Angel"]
[Result "1-0"]
[WhiteElo "2121"]
[BlackElo "1617"]

1.e4 d6 2.d4 Nf6 3.f3 e5 4.d5 Be7 5.c4 Nbd7 6.Nc3 a5 7.Be3 O-O 8.Nge2 c6 
9.g4 Kh8 10.Ng3 cxd5 11.cxd5 Ng8 12.Qd2 Re8 13.O-O-O Nf8 14.h4 Bxh4 15.Nf5
Bxf5 16.gxf5 Nd7 17.Qh2 Nf8 1-0

[Event "XXII Open de Gros"]
[Site "Donostia"]
[Date "2012.09.20"]
[Round "1"]
[White "Abalia Patino, Aritz"]
[Black "Martinet, Regis"]
[Result "1/2-1/2"]
[WhiteElo "1610"]
[BlackElo "2080"]

1.e4 c5 2.Nf3 Nc6 3.d4 cxd4 4.Nxd4 Nf6 5.Nc3 e5 6.Ndb5 d6 7.Bg5 a6 8.Na3 
b5 9.Nd5 Be7 10.Bxf6 Bxf6 11.Nxf6+ Qxf6 12.Bd3 O-O 13.O-O Qg5 14.Re1 Nd4 
15.c3 Bg4 16.Qc1 Ne6 17.Qxg5 Nxg5 18.h4 Ne6 19.f3 Nc5 20.Bxb5 axb5 21.fxg4
Rfb8 22.Rad1 Ra6 23.Rd5 Kf8 24.Re2 Ke7 25.Nxb5 Rxb5 26.b4 Ra3 27.bxc5 Rxc5
28.Rxc5 dxc5 29.Rc2 Ra4 30.Re2 g6 31.Kf2 Ke6 32.g5 Rc4 33.Re3 Ra4 34.Re2 
Rc4 35.Re3 Ra4 36.Re2 Rc4 1/2-1/2

[Event "XXII Open de Gros"]
[Site "Donostia"]
[Date "2012.09.20"]
[Round "1"]
[White "Segovia Sanchez, Antonio"]
[Black "Garrido Dominguez, Jose Antoni"]
[Result "1-0"]
[WhiteElo "2004"]
[BlackElo "1592"]

1.d4 d5 2.Nf3 Nf6 3.Bf4 Bf5 4.e3 c6 5.c4 e6 6.c5 Be7 7.h3 Ne4 8.Bd3 Qa5+ 
9.Ke2 Qd8 10.Qc2 Na6 11.a3 b5 12.cxb6 Qxb6 13.b4 Nc7 14.Rc1 O-O 15.Qxc6 
Qxc6 16.Rxc6 Ne8 17.Nbd2 N8f6 18.Rac1 Nh5 19.Bh2 Nxd2 20.Nxd2 Bxd3+ 21.
Kxd3 h6 22.Nb3 Rfe8 23.Na5 Nf6 24.f3 Nd7 25.Rc7 Nb6 26.Nc6 Bd8 27.Rxa7 
Rxa7 28.Nxa7 Nc4 29.Rxc4 dxc4+ 30.Kxc4 Bg5 31.b5 Bd8 32.Nc6 Bb6 33.a4 Ra8 
34.Kb4 Bd8 35.a5 Bg5 36.b6 Rc8 37.Kb5 1-0

[Event "XXII Open de Gros"]
[Site "Donostia"]
[Date "2012.09.20"]
[Round "1"]
[White "Aizpurua Zufiria, Inaki"]
[Black "Rodriguez Cabrera, Fco. Javier"]
[Result "0-1"]
[WhiteElo "1584"]
[BlackElo "1945"]

1.d4 Nf6 2.Nf3 g6 3.Nc3 d5 4.Bf4 Bg7 5.Qd2 O-O 6.Bh6 b6 7.Bxg7 Kxg7 8.h4 
h5 9.e3 c5 10.Be2 Nc6 11.O-O-O Ng4 12.Rdf1 Bf5 13.a3 e6 14.Bd3 Bxd3 15.
Qxd3 c4 16.Qd2 b5 17.Ng5 Rb8 18.f3 Nf6 19.b4 cxb3 20.cxb3 Na5 21.Kb2 b4 
22.Na4 bxa3+ 23.Kxa3 Rxb3+ 24.Ka2 Nc4 25.Nc5 Ra3+ 0-1

[Event "XXII Open de Gros"]
[Site "Donostia"]
[Date "2012.09.20"]
[Round "1"]
[White "Riesco Lecuona, Juan Manuel"]
[Black "Parron Luceno, David"]
[Result "1-0"]
[WhiteElo "1908"]
[BlackElo "1580"]

1.e4 e5 2.Nf3 Nc6 3.Bb5 Nf6 4.O-O d6 5.Re1 Bg4 6.c3 Be7 7.d3 h6 8.Nbd2 O-O
9.h3 Bd7 10.d4 exd4 11.cxd4 a6 12.Ba4 Re8 13.Nf1 d5 14.e5 Nh7 15.Ne3 b5 
16.Bc2 Be6 17.Bxh7+ 1-0

[Event "XXII Open de Gros"]
[Site "Donostia"]
[Date "2012.09.20"]
[Round "1"]
[White "Vadillo Jueguen, Jon"]
[Black "Tung, Siu Hung"]
[Result "1/2-1/2"]
[WhiteElo "1574"]
[BlackElo "1895"]

1.c4 e5 2.Nc3 Nf6 3.Nf3 Nc6 4.d4 exd4 5.Nxd4 Bc5 6.Be3 Qe7 7.Nxc6 dxc6 8.
Bxc5 Qxc5 9.e3 Be6 10.Qd4 Qb4 11.O-O-O O-O 12.h4 Qa5 13.Be2 b5 14.h5 b4 
15.h6 Qg5 16.hxg7 Rfd8 17.Ne4 Nxe4 18.Qxe4 Qxg7 19.Qxc6 Qf6 20.Qxc7 Rdc8 
21.Qg3+ Qg6 22.Qxg6+ hxg6 23.b3 a5 24.Rh4 a4 25.Kb2 Ra5 26.Rhd4 Kg7 27.Rd8
Rc7 28.Rb8 Rca7 29.Ra1 Rd7 30.Rd1 Rda7 31.Rd2 axb3 32.Kxb3 Ra3+ 33.Kxb4 
Rxa2 34.Rbd8 R7a4+ 1/2-1/2

[Event "XXII Open de Gros"]
[Site "Donostia"]
[Date "2012.09.20"]
[Round "1"]
[White "Aranzabal Minguez, Alex"]
[Black "Sebastiani Paoli, Ruben"]
[Result "1-0"]
[WhiteElo "1881"]
[BlackElo "1564"]

1.e4 d6 2.Nf3 c5 3.Nc3 Bg4 4.g3 Nc6 5.h3 Bd7 6.Bg2 g6 7.d3 Bg7 8.Ne2 Nf6 
9.c3 Rb8 10.a4 a5 11.Be3 b6 12.Qd2 h6 13.g4 g5 14.Ng3 Qc7 15.d4 cxd4 16.
Nxd4 Nxd4 17.cxd4 e5 18.Rc1 Qd8 19.Nf5 Bxf5 20.exf5 O-O 21.O-O e4 22.d5 
Qd7 23.Rc6 Rfc8 24.Rfc1 Rxc6 25.Rxc6 Qd8 26.Bd4 Bf8 27.Bxf6 Qxf6 28.Bxe4 
Qe5 29.Bg2 Be7 30.Qe3 Qxe3 31.fxe3 f6 32.Bf1 Kf7 33.Bb5 Kf8 34.Kf2 Kf7 35.
Kg3 Kf8 36.Kf3 Kf7 37.Ke4 Kg7 38.b3 Kf8 39.Kd4 Kf7 40.Kc4 Kf8 41.Ba6 Ke8 
42.Kb5 Kd7 43.Rxb6 Rxb6+ 44.Kxb6 Bd8+ 45.Kb7 Bc7 46.Bb5+ Kd8 47.Bc6 1-0

[Event "XXII Open de Gros"]
[Site "Donostia"]
[Date "2012.09.20"]
[Round "1"]
[White "Portugal Sarasola, Martin"]
[Black "Bello Castano, Diego"]
[Result "0-1"]
[WhiteElo "1552"]
[BlackElo "1879"]

1.d4 d5 2.e3 Nf6 3.c4 c6 4.Nf3 Bg4 5.cxd5 Qxd5 6.Be2 e6 7.Nc3 Qa5 8.Bd2 
Qc7 9.e4 Be7 10.e5 Nd5 11.O-O O-O 12.Nxd5 cxd5 13.Rc1 Nc6 14.b4 Qb6 15.a3 
Bxf3 16.Bxf3 Nxd4 17.Be3 Nxf3+ 18.gxf3 Qd8 19.Qd4 b6 20.Kh1 Rc8 21.Qd3 Qd7
22.f4 f5 23.Rg1 Qb7 24.Bd4 Rxc1 25.Rxc1 Rc8 26.Rc3 Rxc3 27.Qxc3 Qa6 28.Kg1
Kf7 29.Kg2 Qe2 30.Qf3 Qxf3+ 31.Kxf3 Ke8 32.Kg3 Kd7 33.Kf3 Kc6 34.Ke3 Kb5 
35.Kd3 Ka4 36.Bb2 Kb3 37.Bc1 a5 38.bxa5 bxa5 39.Bd2 a4 0-1

[Event "XXII Open de Gros"]
[Site "Donostia"]
[Date "2012.09.20"]
[Round "1"]
[White "Elizondo Market, Juan Marcos"]
[Black "Irulegi Garmendia, Jose Antoni"]
[Result "1-0"]
[WhiteElo "1873"]
[BlackElo "1514"]

1.e4 e5 2.Nf3 Nc6 3.d4 exd4 4.Nxd4 Nf6 5.Nxc6 bxc6 6.Bd3 Bc5 7.O-O d5 8.
Qe2 Bg4 9.Qe1 O-O 10.Bg5 Re8 11.Qc3 Be7 12.Nd2 dxe4 13.Bc4 Nd5 14.Bxe7 
Nxc3 15.Bxd8 Raxd8 16.Nb3 Ne2+ 17.Bxe2 Bxe2 18.Rfe1 Bc4 19.Na5 Bb5 20.a4 
Ba6 21.Nxc6 Rd2 22.Rad1 Rxc2 23.Nb4 Rxb2 24.Nxa6 Rc2 25.Rd7 f5 26.Red1 c5 
27.g3 e3 28.fxe3 Rxe3 29.R7d2 Rxd2 30.Rxd2 c4 31.Kf2 Re6 32.Nc5 Re5 33.Nd7
Re7 34.Rd5 c3 35.Ne5 c2 36.Rd8+ 1-0

[Event "XXII Open de Gros"]
[Site "Donostia"]
[Date "2012.09.20"]
[Round "1"]
[White "Moreiro Sanchez, Silvestre"]
[Black "Guerrero Itarte, Alfredo"]
[Result "0-1"]
[WhiteElo "1502"]
[BlackElo "1862"]

1.e4 c5 2.Nc3 Nc6 3.Nf3 a6 4.g3 d6 5.Bg2 Nf6 6.h3 e6 7.d3 Be7 8.Be3 Bd7 9.
O-O Rc8 10.Ne2 Qc7 11.Nh2 d5 12.f4 d4 13.Bd2 O-O 14.e5 Nd5 15.Ng4 b5 16.
Kh2 f5 17.exf6 Nxf6 18.Nxf6+ Bxf6 19.Be4 Ne7 20.Ng1 Nf5 21.Qf3 Nd6 22.Qe2 
Nxe4 23.dxe4 Bc6 24.e5 Be7 25.Nf3 Qd7 26.h4 Qd5 27.Ng5 h6 28.Nf3 c4 29.a3 
d3 30.cxd3 cxd3 31.Qg2 Bb7 32.Ne1 Qxg2+ 33.Nxg2 Rc2 34.Rfd1 Bf3 35.Ne3 
Bxd1 36.Rxd1 Rxb2 37.Kh3 Bxa3 38.Bc1 Rb3 39.Bd2 Bc5 40.Kg2 a5 41.Kf3 a4 
42.Rc1 a3 43.Rxc5 a2 44.Rc1 Rb1 45.Rxb1 axb1=Q 0-1

[Event "XXII Open de Gros"]
[Site "Donostia"]
[Date "2012.09.20"]
[Round "1"]
[White "Izagirre Alsua, Aritz"]
[Black "Santos Martinez, Juan Maria"]
[Result "1-0"]
[WhiteElo "1846"]
[BlackElo "1389"]

1.e4 c5 2.Nc3 a6 3.a4 d6 4.g3 Nc6 5.Bg2 Nf6 6.h3 e6 7.f4 Be7 8.Nf3 Bd7 9.
d3 Nd4 10.Be3 Nxf3+ 11.Bxf3 Qc7 12.Qd2 Rc8 13.O-O Bc6 14.Qf2 O-O 15.g4 d5 
16.Bd2 dxe4 17.dxe4 Rcd8 18.g5 Nd7 19.Be3 b6 20.Be2 Nb8 21.Bd3 f6 22.gxf6 
Rxf6 23.e5 Rxd3 24.exf6 Rd8 25.fxe7 Qxe7 26.a5 b5 27.Bxc5 Qf7 28.Kh2 Qf5 
29.Rad1 Nd7 30.Rd6 Bd5 31.Nxd5 exd5 32.Bd4 Rc8 33.c3 Nf8 34.Qg2 g6 35.Re1 
Qxf4+ 36.Qg3 Qd2+ 37.Kg1 b4 38.Qe5 1-0

[Event "XXII Open de Gros"]
[Site "Donostia"]
[Date "2012.09.20"]
[Round "1"]
[White "Otegui Piquer, Juan Jose"]
[Black "Sarasola Ouvina, Javier"]
[Result "0-1"]
[WhiteElo "1377"]
[BlackElo "1842"]

1.e4 e6 2.d4 d5 3.exd5 exd5 4.Nf3 Bg4 5.Be2 Bd6 6.O-O Ne7 7.Nc3 O-O 8.Bg5 
f6 9.Bh4 c6 10.a3 Qb6 11.b4 Nf5 12.h3 Bxf3 13.Na4 Qc7 14.Qd3 Be4 15.Qd2 
Nxh4 16.Nc5 Bxc5 17.dxc5 Bxg2 18.Rfe1 Nd7 19.Rab1 Ne5 20.Rb3 Nhf3+ 21.Bxf3
Nxf3+ 22.Rxf3 Bxf3 23.Qf4 0-1

[Event "XXII Open de Gros"]
[Site "Donostia"]
[Date "2012.09.20"]
[Round "1"]
[White "Puga Senar, Fernando"]
[Black "Navarro Armendariz, Jose Leon"]
[Result "1-0"]
[WhiteElo "1808"]
[BlackElo "1364"]

1.d4 Nf6 2.c4 c5 3.e3 cxd4 4.exd4 d6 5.Nc3 Nc6 6.Nf3 Bg4 7.Be2 Bxf3 8.Bxf3
e5 9.dxe5 dxe5 10.O-O Nd4 11.Bxb7 Rb8 12.Bd5 Bd6 13.Qa4+ Qd7 14.Qxd7+ Nxd7
15.b3 O-O 16.Ne4 Bc7 17.Bb2 Bb6 18.Rad1 Nc5 19.Nxc5 Bxc5 20.Kh1 Kh8 21.f4 
Rbe8 22.fxe5 Nc2 23.Rxf7 Ne3 24.Re1 Nxd5 25.Rxf8+ Rxf8 26.cxd5 Rf2 27.Bc1 
Rxa2 28.d6 Ra1 29.Bd2 1-0

[Event "XXII Open de Gros"]
[Site "Donostia"]
[Date "2012.09.21"]
[Round "2"]
[White "Franco Alonso, Alejandro"]
[Black "Elizondo Market, Juan Marcos"]
[Result "1-0"]
[WhiteElo "2479"]
[BlackElo "1873"]

1.c4 e5 2.g3 Nf6 3.Bg2 Nc6 4.Nc3 Bc5 5.Nf3 O-O 6.O-O d6 7.d3 a6 8.a3 h6 9.
b4 Ba7 10.Bb2 Bg4 11.h3 Bxf3 12.Bxf3 Qd7 13.Kh2 Rab8 14.e3 b5 15.cxb5 axb5
16.a4 bxa4 17.Qxa4 d5 18.b5 Qf5 19.Bg2 Bc5 20.Nxd5 Nxd5 21.Bxd5 Nb4 22.Be4
Qe6 23.Ba3 Qd6 24.Rac1 Nxd3 25.Rcd1 c6 26.Rxd3 cxb5 27.Rxd6 1-0

[Event "XXII Open de Gros"]
[Site "Donostia"]
[Date "2012.09.21"]
[Round "2"]
[White "Izagirre Alsua, Aritz"]
[Black "Argandona Riveiro, Inigo"]
[Result "0-1"]
[WhiteElo "1846"]
[BlackElo "2394"]

1.e4 c6 2.d3 d5 3.Nd2 e5 4.h3 Nf6 5.Ngf3 Nbd7 6.g3 g6 7.Bg2 Bg7 8.O-O O-O 
9.Re1 Re8 10.Nh2 h5 11.Qe2 Nc5 12.Nb3 Ne6 13.Be3 h4 14.Nc5 Nd4 15.Qd1 b6 
16.Nb3 Ne6 17.Qe2 a5 18.Ng4 Nxg4 19.hxg4 d4 20.Bc1 hxg3 21.fxg3 Bf6 22.Bf3
Bg5 23.Nd2 Kg7 24.Kg2 Rh8 25.Qd1 f6 26.Be2 Nf8 27.Rh1 Rxh1 28.Qxh1 Be6 29.
Qh3 Ra7 30.Nf3 Bxc1 31.Rxc1 Kg8 32.Kf2 Qc8 33.Nh2 Bxa2 34.Rh1 Be6 35.Qh4 
g5 36.Qh3 a4 37.Qf1 b5 38.Qc1 b4 39.Nf3 Rh7 40.Rxh7 Nxh7 41.Qh1 a3 42.bxa3
bxa3 43.Qa1 a2 44.Ne1 Qb7 45.c3 Qb1 46.Nc2 Qxc2 47.cxd4 Qb1 48.Qc3 a1=Q 
0-1

[Event "XXII Open de Gros"]
[Site "Donostia"]
[Date "2012.09.21"]
[Round "2"]
[White "Sarasola Ouvina, Javier"]
[Black "Guijarro Galan, Jose Luis"]
[Result "0-1"]
[WhiteElo "1842"]
[BlackElo "2121"]

1.f4 c5 2.e4 Nc6 3.Nf3 g6 4.Bc4 Bg7 5.Ng5 e6 6.d3 d5 7.Bb3 dxe4 8.Nxe4 Nh6
9.c3 Qh4+ 10.g3 Qe7 11.Ba4 Bd7 12.Be3 b6 13.Nbd2 O-O 14.Qf3 Rac8 15.h4 e5 
16.Nf2 exf4 17.gxf4 Rfe8 18.Nf1 Nd4 19.Qd1 Ndf5 20.Bxd7 Nxe3 21.Nxe3 Qxd7 
22.Kd2 Qd6 23.Qf3 c4 24.Kc2 cxd3+ 25.Nxd3 Qd4 26.Nd5 Nf5 27.Rae1 Red8 28.
N3b4 Qxb4 29.Nxb4 Nd4+ 30.Kb1 Nxf3 31.Re7 a5 32.Nc2 Nd2+ 33.Kc1 Bh6 0-1

[Event "XXII Open de Gros"]
[Site "Donostia"]
[Date "2012.09.21"]
[Round "2"]
[White "Orube Bona, Andoni"]
[Black "Segovia Sanchez, Antonio"]
[Result "1/2-1/2"]
[WhiteElo "1791"]
[BlackElo "2004"]

1.Nf3 d6 2.d4 Nf6 3.c4 c6 4.g3 Qc7 5.Bf4 Bg4 6.Bg2 Nbd7 7.O-O e5 8.Be3 Be7
9.Nc3 h6 10.b4 O-O 11.h3 Bf5 12.a4 Ne4 13.Qb3 Nxc3 14.Qxc3 Be4 15.Rfc1 f5 
16.b5 c5 17.d5 Rf7 18.Nh2 Bxg2 19.Kxg2 f4 20.Bd2 Raf8 21.Rf1 e4 22.Qc2 f3+
23.exf3 exf3+ 24.Kg1 Ne5 25.Qe4 Qd7 26.g4 h5 27.Ra3 g5 28.Re1 Rf4 29.Bxf4 
Rxf4 30.Qb1 hxg4 31.Rxe5 dxe5 32.Qg6+ Kf8 33.Qh6+ Kg8 34.Qg6+ 1/2-1/2

[Event "XXII Open de Gros"]
[Site "Donostia"]
[Date "2012.09.21"]
[Round "2"]
[White "Rodriguez Cabrera, Fco. Javier"]
[Black "Puga Senar, Fernando"]
[Result "1/2-1/2"]
[WhiteElo "1945"]
[BlackElo "1808"]

1.e4 e6 2.d4 d5 3.Nc3 Ne7 4.Nf3 dxe4 5.Nxe4 Nf5 6.Bf4 Bd7 7.Ne5 Bd6 8.
Nxd6+ cxd6 9.Nxd7 Qxd7 10.g4 Ne7 11.Bg2 d5 12.O-O Nbc6 13.Re1 Rc8 14.c4 
O-O 15.c5 Ng6 16.Bd6 Rfe8 17.f4 b6 18.Qa4 Nh4 19.Re2 Nxg2 20.Rxg2 Qd8 21.
Rd1 Na5 22.b3 Nb7 23.Qa3 bxc5 24.Bxc5 Nxc5 25.dxc5 Qc7 26.b4 a5 27.Rc1 
1/2-1/2

[Event "XXII Open de Gros"]
[Site "Donostia"]
[Date "2012.09.21"]
[Round "2"]
[White "Berdote Alonso, Carlos"]
[Black "Riesco Lecuona, Juan Manuel"]
[Result "0-1"]
[WhiteElo "1764"]
[BlackElo "1908"]

1.e4 c5 2.Nc3 d6 3.Nf3 a6 4.d4 cxd4 5.Nxd4 Nf6 6.Bg5 e6 7.Be2 Be7 8.Qd2 
Qc7 9.O-O-O Nbd7 10.f4 b5 11.Bxb5 axb5 12.Ndxb5 Qb6 13.Nxd6+ Bxd6 14.Qxd6 
Qxd6 15.Rxd6 O-O 16.Re1 h6 17.Bh4 Nh5 18.Rf1 Nxf4 19.Rxf4 g5 20.Bxg5 hxg5 
21.Rg4 f6 22.Rg3 Ne5 23.b3 Kf7 24.Rh3 Kg6 25.a4 Bd7 26.Ne2 Bc6 27.Rxe6 Bd7
28.Rxe5 fxe5 29.Rd3 Bc6 30.Rd6+ Rf6 31.Rxf6+ Kxf6 32.Nc3 Ke6 33.Kd2 Rf8 
34.Ke3 Rf1 35.Ne2 Kd6 36.g3 g4 37.Nc3 Rf3+ 38.Kd2 Rf2+ 39.Kd3 Rxh2 40.b4 
Rf2 41.b5 Bb7 42.a5 Kc5 43.a6 Ba8 44.Nd5 Rf3+ 45.Kd2 Bxd5 46.exd5 Kxd5 47.
a7 Ra3 48.c4+ Kc5 0-1

[Event "XXII Open de Gros"]
[Site "Donostia"]
[Date "2012.09.21"]
[Round "2"]
[White "Bello Castano, Diego"]
[Black "Zubia Aramburu, Mikel"]
[Result "1/2-1/2"]
[WhiteElo "1879"]
[BlackElo "1791"]

1.Nf3 d5 2.b3 Bf5 3.Bb2 Nd7 4.e3 Ngf6 5.Be2 e6 6.O-O Bd6 7.c4 O-O 8.Nc3 c6
9.Rc1 Ne4 10.cxd5 exd5 11.d3 Ng5 12.e4 Be6 13.Qd2 Be7 14.Nxg5 Bxg5 15.f4 
Bh6 16.Qe1 dxe4 17.dxe4 Nf6 18.Qg3 Qd4+ 19.Qf2 Qxf2+ 20.Rxf2 Rad8 21.h3 
Rd2 22.Ba3 Re8 23.g4 g5 24.f5 Bc8 25.Bf3 Rxf2 26.Kxf2 Nd7 27.Rd1 Ne5 28.
Bd6 Nd7 29.Na4 Bg7 30.Rd2 Be5 31.Nb2 Bxb2 32.Rxb2 Nf6 33.e5 Nd7 34.Re2 Nf8
35.Rd2 Rd8 36.Ke3 Nd7 37.Kf2 Re8 38.Re2 1/2-1/2

[Event "XXII Open de Gros"]
[Site "Donostia"]
[Date "2012.09.21"]
[Round "2"]
[White "Hernandez, Elvis"]
[Black "Abalia Patino, Aritz"]
[Result "1-0"]
[WhiteElo "2289"]
[BlackElo "1610"]

1.e4 c5 2.Nf3 e6 3.c3 Nf6 4.e5 Nd5 5.d4 cxd4 6.cxd4 Nc6 7.a3 d6 8.Bd3 dxe5
9.dxe5 Be7 10.O-O a6 11.Qe2 b5 12.Rd1 Qc7 13.Bd2 Bb7 14.Nc3 Rd8 15.Rac1 
Qb8 16.Nxd5 Rxd5 17.Be4 Rc5 18.Rxc5 Bxc5 19.Rc1 Nd4 20.Nxd4 Bxd4 21.Bxb7 
Qxb7 22.Bb4 Bb6 23.Qg4 g6 24.Qf4 Bd8 25.Qh6 Be7 26.Qg7 Rf8 27.Bd6 Bxd6 28.
exd6 Qd7 29.Qd4 e5 30.Qxe5+ Kd8 31.Qf6+ 1-0

[Event "XXII Open de Gros"]
[Site "Donostia"]
[Date "2012.09.21"]
[Round "2"]
[White "Tung, Siu Hung"]
[Black "Jauregi Barandiaran, Jon"]
[Result "1-0"]
[WhiteElo "1895"]
[BlackElo "1567"]

1.e4 d6 2.d4 Nf6 3.Bd3 e5 4.Ne2 Be7 5.f3 O-O 6.Be3 c6 7.Nd2 Nbd7 8.g4 h6 
9.Nf1 Nh7 10.Neg3 Bg5 11.Qd2 exd4 12.Bxg5 Nxg5 13.Qf2 Qf6 14.Nf5 Ne5 15.
Nd2 Bxf5 16.gxf5 b5 17.h4 Nxd3+ 18.cxd3 Nh7 19.O-O-O a5 20.Kb1 Rfd8 21.Nf1
d5 22.Ng3 dxe4 23.fxe4 Qe5 24.Nh5 Nf6 25.Nxf6+ Qxf6 26.Qf4 Re8 27.Rhg1 Kh7
28.Rg2 Qe5 29.Qg4 Rg8 30.Rdg1 Qd6 31.Qh5 g6 32.Qf3 Rae8 33.fxg6+ fxg6 34.
Qf7+ Kh8 35.Rxg6 Rxg6 36.Qxe8+ Kg7 37.Rf1 Rf6 38.Rc1 Re6 39.Qc8 Rf6 40.h5 
a4 41.Rg1+ Kf7 42.Qg8+ Ke7 43.Rg7+ 1-0

[Event "XXII Open de Gros"]
[Site "Donostia"]
[Date "2012.09.21"]
[Round "2"]
[White "Vicente Ezeiza, Mikel"]
[Black "Cejudo Urdampilleta, Jose Manuel"]
[Result "1-0"]
[WhiteElo "1674"]
[BlackElo "1675"]

1.Nc3 d5 2.e4 dxe4 3.Nxe4 Nf6 4.Nxf6+ exf6 5.d4 Bd6 6.Nf3 O-O 7.Bd3 Bg4 8.
h3 Bh5 9.g4 Bg6 10.Bxg6 fxg6 11.Be3 Re8 12.Qd3 Qd7 13.O-O-O Nc6 14.d5 Nb4 
15.Qb3 a5 16.a3 a4 17.Qc4 b5 18.Qf1 Na6 19.Nd4 b4 20.axb4 Nxb4 21.Qb5 Qf7 
22.Ne6 Reb8 23.Qc4 a3 24.b3 a2 25.Kb2 Ra5 26.Bd2 Be5+ 27.Bc3 Bxc3+ 28.Qxc3
a1=Q+ 29.Rxa1 Rxa1 30.Rxa1 Nxd5 31.Qc6 Ne7 32.Qa8 Rc8 33.Nxc7 h5 34.Qb7 f5
35.g5 f4 36.Ra8 Qf5 37.Rxc8+ Nxc8 38.Qd5+ Qxd5 39.Nxd5 f3 40.h4 Nd6 41.Ne3
Ne4 42.Nf1 Kf7 43.Nh2 Ke6 44.Nxf3 Kf5 45.b4 Kg4 46.Ne5+ Kxh4 47.f4 Kg3 48.
Nxg6 Kg4 49.b5 Kf5 50.b6 Nd6 51.Ne7+ Ke6 52.Ng6 Kf5 53.Nh4+ Kg4 54.f5 Kxg5
55.Kb3 Kxh4 56.c4 Nb7 57.Kb4 Kg4 58.c5 h4 59.c6 h3 60.cxb7 h2 61.b8=Q h1=Q
62.Qe5 Qb1+ 63.Kc5 Qc2+ 64.Kd6 Qd3+ 65.Ke7 Qa3+ 66.Qd6 Qe3+ 67.Qe6 Qf3 68.
f6+ Kg5 69.f7 Qa3+ 70.Qd6 Qe3+ 71.Kd8 1-0

[Event "XXII Open de Gros"]
[Site "Donostia"]
[Date "2012.09.21"]
[Round "2"]
[White "Santos Martinez, Juan Maria"]
[Black "Espin Laborde, Jesus Maria"]
[Result "0-1"]
[WhiteElo "1389"]
[BlackElo "1739"]

1.e4 c5 2.Nf3 d6 3.Bc4 e6 4.O-O Nc6 5.c3 Nf6 6.Qc2 Be7 7.d4 cxd4 8.cxd4 
O-O 9.a3 d5 10.exd5 exd5 11.Bd3 h6 12.Be3 Be6 13.h3 Rc8 14.Nc3 Na5 15.b4 
Nc4 16.Ne5 Nxe3 17.fxe3 Ne4 18.Bxe4 dxe4 19.Rac1 f5 20.Ng6 Rf6 21.Nxe7+ 
Qxe7 22.Qf2 Rff8 23.Ne2 Bc4 24.Rfe1 Bxe2 25.Qxe2 Qg5 26.Qa2+ Kh7 27.Rxc8 
Rxc8 28.Qd2 Qe7 29.Rc1 Rd8 30.Qf2 g6 31.Qf4 Rd7 32.h4 Qf7 33.Rc8 b6 34.Qe5
Qg7 35.Qxg7+ Kxg7 36.g3 Kf7 37.Kf2 Kf6 38.Rc6+ Kg7 39.b5 g5 40.hxg5 hxg5 
41.a4 f4 42.gxf4 gxf4 43.exf4 Rxd4 44.Rc7+ Kf6 45.Rxa7 Kf5 46.a5 bxa5 47.
Rxa5 Kxf4 48.Ke2 Rb4 49.Kd2 e3+ 50.Ke2 Rb2+ 51.Kf1 Kf3 52.Ra1 Rxb5 53.Ke1 
Rh5 0-1

[Event "XXII Open de Gros"]
[Site "Donostia"]
[Date "2012.09.21"]
[Round "2"]
[White "Lazkano Gaite, Tomas"]
[Black "Moreiro Sanchez, Silvestre"]
[Result "1-0"]
[WhiteElo "1712"]
[BlackElo "1502"]

1.d4 Nf6 2.c4 g6 3.Nc3 Bg7 4.e4 d6 5.Nf3 O-O 6.h3 e5 7.Bg5 Nbd7 8.Be2 a6 
9.Qd2 Re8 10.O-O-O c5 11.dxe5 dxe5 12.Nxe5 Rxe5 13.f4 Rxg5 14.fxg5 Ne8 15.
Bg4 Bd4 16.Nd5 Ne5 17.Qf4 Nxc4 18.Rhf1 Qxd5 19.Rxd4 Qe5 20.Qxf7+ 1-0

[Event "XXII Open de Gros"]
[Site "Donostia"]
[Date "2012.09.21"]
[Round "2"]
[White "Garrido Dominguez, Jose Antoni"]
[Black "Otegui Piquer, Juan Jose"]
[Result "1-0"]
[WhiteElo "1592"]
[BlackElo "1377"]

1.e4 e5 2.Nf3 Nc6 3.Bc4 Bc5 4.O-O Nf6 5.d3 O-O 6.Bg5 h6 7.Bh4 Be7 8.Nc3 
Re8 9.h3 d6 10.d4 a6 11.d5 b5 12.Be2 Na5 13.b4 Nc4 14.Bd3 Nb2 15.Qc1 Nxd3 
16.cxd3 Bd7 17.d4 exd4 18.Nxd4 Nxe4 19.Bxe7 Rxe7 20.Re1 Nxc3 21.Qxc3 Rc8 
22.Rxe7 Qxe7 23.Nc6 Qf6 24.Qxf6 gxf6 25.Ne7+ Kf8 26.Nxc8 Bxc8 27.Rc1 Bb7 
28.Rxc7 Bxd5 29.a3 1-0

[Event "XXII Open de Gros"]
[Site "Donostia"]
[Date "2012.09.22"]
[Round "3"]
[White "Guijarro Galan, Jose Luis"]
[Black "Franco Alonso, Alejandro"]
[Result "0-1"]
[WhiteElo "2121"]
[BlackElo "2479"]

1.e4 c6 2.d4 d5 3.exd5 cxd5 4.Bd3 Nc6 5.c3 Qc7 6.h3 g6 7.Nf3 Nf6 8.O-O Bg7
9.Re1 O-O 10.Nbd2 Bf5 11.Nf1 Rab8 12.Bg5 Bxd3 13.Bxf6 Bxf6 14.Qxd3 b5 15.
Ne3 Rfd8 16.Rac1 Bg7 17.Ng4 Rdc8 18.Nge5 Nxe5 19.Nxe5 e6 20.Qe3 a5 21.Nd3 
Qa7 22.a3 Re8 23.Qf4 Rbc8 24.h4 Qc7 25.Qf3 Qe7 26.g3 h5 27.Kg2 Rb8 28.Re2 
Qf6 29.Qxf6 Bxf6 30.Nc5 Re7 31.b4 Ra7 32.bxa5 Be7 33.Nb3 Bd8 34.Rb2 Bxa5 
35.Nxa5 Rxa5 36.Rb3 Rba8 37.Ra1 Kg7 38.Kf3 Kf6 39.Ke3 Kf5 40.f3 f6 41.Kd3 
g5 42.hxg5 fxg5 43.Re1 Rh8 44.Rb2 h4 45.Re5+ Kf6 46.f4 gxf4 47.gxf4 h3 48.
Rh2 Rxa3 49.f5 exf5 50.Rxd5 b4 51.Rc5 Rxc3+ 52.Rxc3 bxc3 53.Kxc3 Kg5 54.d5
Kg4 55.Kd4 0-1

[Event "XXII Open de Gros"]
[Site "Donostia"]
[Date "2012.09.22"]
[Round "3"]
[White "Argandona Riveiro, Inigo"]
[Black "Riesco Lecuona, Juan Manuel"]
[Result "1-0"]
[WhiteElo "2394"]
[BlackElo "1908"]

1.d4 f5 2.c4 Nf6 3.Nf3 e6 4.Qc2 Be7 5.Nc3 O-O 6.g3 d5 7.Bg2 c6 8.O-O Ne4 
9.Ne5 Nd7 10.Nd3 Ndf6 11.c5 Bd7 12.Nd1 Ne8 13.f3 N4f6 14.Bf4 g6 15.N1f2 
Nh5 16.Be5 Bf6 17.e3 Bg7 18.b4 Qg5 19.Bxg7 Nexg7 20.Ne5 Be8 21.Qc3 Nf6 22.
a4 h5 23.f4 Qh6 24.h4 Ne4 25.Bxe4 fxe4 26.Nh3 Nf5 27.Kf2 Qg7 28.Ng5 Qe7 
29.b5 Nh6 30.bxc6 bxc6 31.Rfb1 Ng4+ 32.Nxg4 hxg4 33.Rb2 Bf7 34.Rab1 Rac8 
35.a5 Rfd8 36.Rb7 Rd7 37.a6 Kg7 38.Rxd7 Qxd7 39.Rb7 Rc7 40.Qb2 Kf8 41.Rxc7
Qxc7 42.Qb7 Qe7 1-0

[Event "XXII Open de Gros"]
[Site "Donostia"]
[Date "2012.09.22"]
[Round "3"]
[White "Aranzabal Minguez, Alex"]
[Black "Hernandez, Elvis"]
[Result "0-1"]
[WhiteElo "1881"]
[BlackElo "2289"]

1.e4 e6 2.d3 d5 3.Nd2 Nf6 4.Ngf3 b6 5.g3 dxe4 6.dxe4 Bc5 7.Bg2 Ba6 8.c4 
Qd3 9.Bf1 Qd7 10.Bg2 Bb7 11.e5 Ne4 12.O-O Nxd2 13.Qxd2 Qxd2 14.Bxd2 Nc6 
15.Bc3 O-O-O 16.Rad1 h6 17.a3 a5 18.Nd2 Bd4 19.Bxd4 Rxd4 20.c5 Nxe5 21.
cxb6 Bxg2 22.Kxg2 Rhd8 23.Rc1 Rxd2 24.Rxc7+ Kb8 25.Rfc1 Nd3 26.R1c6 Nxf2 
27.Rxf7 Ng4+ 28.Kh3 h5 29.Kh4 Rxh2+ 30.Kg5 Rd5+ 31.Kg6 Ne5+ 32.Kxg7 Nxc6 
0-1